[Event "23rd Open"]
[Site "Bled SLO"]
[Date "2002.07.06"]
[Round "5"]
[White "Bratovic,B"]
[Black "Lazar,Ales ml"]
[Result "1-0"]
[WhiteElo "2277"]
[BlackElo "2304"]

1.e4 c5 2.Nf3 e6 3.d4 cxd4 4.Nxd4 Nc6 5.Nc3 Qc7 6.Be2 a6 7.O-O Nf6 8.Kh1 Be7
9.f4 d6 10.Be3 O-O 11.a4 Re8 12.Bf3 Bf8 13.Nb3 b6 14.a5 bxa5 15.e5 dxe5 16.fxe5 Rd8
17.Nd4 Nd5 18.Nxc6 Qxc6 19.Rxa5 Bb7 20.Nxd5 exd5 21.Qd2 Qe6 22.Bd4 Rac8 23.h3 Qg6
24.c3 Rc7 25.Be2 Be7 26.Bd3 Bg5 27.Bxg6 Bxd2 28.Bb6 hxg6 29.Bxc7 Rd7 30.Bb6 d4
31.Rd1 dxc3 32.bxc3 Rd3 33.Ra2 Rxh3+ 34.Kg1 Be3+ 35.Bxe3 Rxe3 36.Rd8+ Kh7
37.Rd7 Bc6 38.Rc7 Bb5 39.c4 Rc3 40.cxb5 Rxc7 41.bxa6 Ra7 42.Kf2 g5 43.Ke3 Kg6
44.Ke4 f5+ 45.exf6 gxf6 46.g4 f5+ 47.gxf5+ Kf6 48.Ra5 Re7+ 49.Kf3 Ra7 50.Kg4 Kf7
51.Kxg5 Kg7 52.Kf4 Kf6 53.Ke4 Re7+ 54.Kd4  1-0

[Event "Open"]
[Site "Oberwart AUT"]
[Date "2002.07.06"]
[Round "2"]
[White "Schumi,M"]
[Black "Al Modiahki,M"]
[Result "0-1"]
[WhiteElo "2216"]
[BlackElo "2523"]

1.e4 c5 2.Nf3 e6 3.d4 cxd4 4.Nxd4 Nc6 5.Nc3 Qc7 6.g3 a6 7.Bg2 Nf6 8.O-O Nxd4
9.Qxd4 Bc5 10.Bf4 d6 11.Qd2 h6 12.Rad1 e5 13.Be3 Be6 14.Bxc5 dxc5 15.Nd5 Bxd5
16.exd5 Qd6 17.f4 O-O 18.c4 Rfe8 19.Rde1 Rad8 20.fxe5 Rxe5 21.Rxe5 Qxe5 22.Re1 Qd6
23.Bh3 Re8 24.Rxe8+ Nxe8 25.Qe3 Kf8 26.Bc8 Qc7 27.Bf5 Qe7 28.Qxe7+ Kxe7 29.Kf2 Nd6
30.Bd3 Kf6 31.Ke3 Ke5 32.b3 f5 33.Be2 g5 34.Bf3 b5 35.cxb5 axb5 36.a4 c4
37.Bd1 f4+ 38.gxf4+ gxf4+ 39.Kf3 c3 40.axb5 Nxb5 41.Ke2 Nd4+ 42.Kd3 f3  0-1

[Event "Open Championships"]
[Site "Paris FRA"]
[Date "2002.07.06"]
[Round "1"]
[White "Lorand,P"]
[Black "Nisipeanu,LD"]
[Result "0-1"]
[WhiteElo "2145"]
[BlackElo "2613"]

1.e4 c5 2.Nf3 e6 3.d4 cxd4 4.Nxd4 Nc6 5.Nc3 Qc7 6.Be3 a6 7.Bd3 Nf6 8.O-O Nxd4
9.Bxd4 Bc5 10.Bxc5 Qxc5 11.Qe2 d6 12.Rfe1 Bd7 13.e5 dxe5 14.Qxe5 Qxe5 15.Rxe5 Bc6
16.Rd1 Ke7 17.Re2 Rad8 18.Red2 h5 19.f3 h4 20.Kf2 g5 21.Ke3 g4 22.Be4 Rxd2
23.Rxd2 h3 24.g3 Rc8 25.Rd4 e5 26.Rd2 gxf3 27.Bxf3 Bxf3 28.Kxf3 Rc4 29.Re2 Ke6
30.Nd1 e4+ 31.Kf4 Nd5+ 32.Kg4 f5+ 33.Kxh3 f4 34.Nf2 Ke5 35.Nd3+ Kf5 36.Nxf4 Nxf4+
37.gxf4 Kxf4 38.Kg2 e3 39.c3 Rc7 40.Kf1 Kf3 41.Ke1 Rg7 42.Kd1 Rg1+ 43.Re1 Rg2
44.Rf1+ Rf2 45.Rg1 Rxb2 46.Rf1+ Rf2 47.Rg1 Rxa2 48.Rf1+ Rf2 49.Rg1 Rxh2  0-1

[Event "1st Women's Masters"]
[Site "Belfort FRA"]
[Date "2002.07.07"]
[Round "10"]
[White "Nepeina Leconte,M"]
[Black "Velcheva,M"]
[Result "1-0"]
[WhiteElo "2308"]
[BlackElo "2327"]

1.e4 c5 2.Nf3 e6 3.d4 cxd4 4.Nxd4 Nc6 5.Nc3 Qc7 6.g3 a6 7.Bg2 Nf6 8.O-O h6
9.Nb3 Be7 10.a4 O-O 11.f4 d5 12.e5 Nd7 13.Kh1 Nb6 14.Ne2 Bd7 15.c3 Nc4 16.Nbd4 Nxd4
17.cxd4 b5 18.g4 bxa4 19.f5 Rfc8 20.f6 Bf8 21.fxg7 Bxg7 22.Ng3 Na5 23.g5 hxg5
24.Qh5 Be8 25.Qxg5 Qc2 26.Be4 Qc4 27.Be3 dxe4 28.Nh5 Kf8 29.Qxg7+ Ke7 30.Rac1 Kd7
31.Nf6+ Kc6 32.Rxc4+ Nxc4 33.Bc1 Kb5 34.Nxe8 Rxe8 35.Rxf7 Rac8 36.Rc7 Nb6
37.Rc5+ Rxc5 38.dxc5 Kxc5 39.Qc7+ Kb5 40.Be3  1-0

[Event "Open"]
[Site "Oberwart AUT"]
[Date "2002.07.07"]
[Round "3"]
[White "Fercec,N"]
[Black "Somogyi,I"]
[Result "1-0"]
[WhiteElo "2494"]
[BlackElo "2261"]

1.e4 c5 2.Nf3 e6 3.d4 cxd4 4.Nxd4 Nc6 5.Nc3 Qc7 6.Be3 a6 7.Bd3 Nf6 8.O-O b5
9.Kh1 Bb7 10.a3 Be7 11.f4 d6 12.Qf3 Na5 13.Rae1 Nc4 14.Bc1 Rc8 15.Nce2 d5
16.e5 Ne4 17.Rd1 g6 18.Ng3 Nxg3+ 19.Qxg3 Na5 20.f5 exf5 21.Bf4 Qd7 22.Rde1 Nc6
23.e6 fxe6 24.Nxe6 Nd8 25.Nxd8 Kxd8 26.Bg5 Re8 27.Rxe7  1-0

[Event "XX Open"]
[Site "Andorra la Vella AND"]
[Date "2002.07.08"]
[Round "3"]
[White "Handke,F"]
[Black "Delchev,A"]
[Result "0-1"]
[WhiteElo "2471"]
[BlackElo "2557"]

1.e4 c5 2.Nf3 e6 3.d4 cxd4 4.Nxd4 Nc6 5.Nc3 Qc7 6.Be3 Nf6 7.Be2 a6 8.a3 Be7
9.Qd2 b5 10.Nxc6 dxc6 11.f4 Bb7 12.e5 Rd8 13.Bd3 Ng4 14.Qe2 Nxe3 15.Qxe3 c5
16.Be4 O-O 17.Qf3 Bxe4 18.Nxe4 Qa5+ 19.Ke2 Rd4 20.Rhd1 Qa4 21.b3 Qa5 22.Rxd4 cxd4
23.Qd3 Qc7 24.a4 f5 25.exf6 gxf6 26.axb5 axb5 27.g3 f5 28.Nd2 e5 29.Qxb5 exf4
30.Qd5+ Kh8 31.Qxd4+ Bf6 32.Ra7 Re8+ 33.Kd1 Qc6 34.Qxf4 Bc3 35.Qf2 Qh1+ 36.Nf1 Qf3+  0-1

[Event "23rd Open"]
[Site "Bled SLO"]
[Date "2002.07.08"]
[Round "7"]
[White "Palac,M"]
[Black "Jaracz,P"]
[Result "1/2-1/2"]
[WhiteElo "2564"]
[BlackElo "2516"]

1.e4 c5 2.Nf3 e6 3.d4 cxd4 4.Nxd4 Nc6 5.Nc3 Qc7 6.Be2 a6 7.O-O Nf6 8.Be3 Bb4
9.Na4 Bd6 10.Nxc6 bxc6 11.g3 Be7 12.Nb6 Rb8 13.Nxc8 Qxc8 14.Bd4 c5 15.Be5 Rb6
16.b3 O-O 17.Bd3 d6 18.Bc3 d5 19.Ba5 Rc6 20.exd5 Nxd5 21.Qh5 g6 22.Qf3 Rd6
23.a3 Bf6 24.Rad1 Bc3 25.Bxc3 Nxc3 26.Bxa6 Rxa6 27.Qxc3 Rxa3 28.Qc4 Ra6 29.Rd3 Rb6
30.Ra1 Qc7 31.Rad1 Qe5 32.Re3 Qc7 33.Rc3 Rc8 34.Rcd3 Rb4 35.Qc3 Rd4 36.Rxd4 cxd4
37.Qxd4 Qxc2 38.b4 Qb3 39.Rd3 Qb1+ 40.Kg2 Rb8 41.Rc3 e5 42.Qd6 Qe4+ 43.Kh3 Re8
44.Qd1 Re6  1/2-1/2

[Event "23rd Open"]
[Site "Bled SLO"]
[Date "2002.07.08"]
[Round "7"]
[White "Zorko,Ju"]
[Black "Susnik,M"]
[Result "1/2-1/2"]
[WhiteElo "2165"]
[BlackElo "2202"]

1.e4 c5 2.Nf3 e6 3.d4 cxd4 4.Nxd4 Nc6 5.Nc3 Qc7 6.Be2 a6 7.O-O Nf6 8.Be3 d6
9.f4 Be7 10.Qe1 O-O 11.Qg3 Nxd4 12.Bxd4 b5 13.a3 Bb7 14.Rae1 Bc6 15.Bd3 e5
16.fxe5 Nh5 17.Qh3 dxe5 18.Qxh5 exd4 19.Nd5 Bxd5 20.exd5 g6 21.Qh6 Rac8 22.Re4 Qd8
23.Rf5 f6 24.Rh4 Rf7 25.Rg4 Bf8 26.Qh4 Bg7 27.Rf1 f5 28.Qxd8+ Rxd8 29.Rg3 Rxd5  1/2-1/2

[Event "17th North Sea Cup"]
[Site "Esbjerg DEN"]
[Date "2002.07.08"]
[Round "4"]
[White "Tiviakov,S"]
[Black "Volokitin,And"]
[Result "0-1"]
[WhiteElo "2628"]
[BlackElo "2545"]

1.e4 c5 2.Nf3 e6 3.d4 cxd4 4.Nxd4 Nc6 5.Nc3 a6 6.g3 d6 7.Bg2 Bd7 8.O-O Be7
9.Nxc6 Bxc6 10.a4 Nf6 11.Be3 O-O 12.Re1 Rc8 13.a5 Nd7 14.Na4 Bxa4 15.Rxa4 Qc7
16.c3 Ne5 17.Bf1 Qc6 18.Be2 Qd7 19.f4 Nc6 20.c4 Qc7 21.b4 Bf6 22.Bb6 Qe7
23.b5 axb5 24.cxb5 Nb8 25.Bf2 Bc3 26.Rf1 Nd7 27.a6 bxa6 28.bxa6 Nc5 29.Rc4 Ba5
30.Bxc5 dxc5 31.Qa4 Bb4 32.e5 Qa7 33.Bf3 Rfd8 34.Bb7 Rb8 35.Rd1 Bd2 36.Kf2 g6
37.Ke2 Rxb7 38.axb7 Qxb7 39.Re4 Qb2 40.Kf3 h5 41.Qc4 Rb8 42.Re2 Rb4 43.Rdxd2 Qxd2
44.Qxc5 Rb3+ 45.Kf2 Qd1 46.Qc2 Qd4+ 47.Kg2 Rd3 48.Qc6 Rd1 49.Qf3 Rg1+ 50.Kh3 Qd1
51.Kh4 Rf1 52.Qa8+ Kg7 53.Qe4 Rf2  0-1

[Event "Open Championships"]
[Site "Paris FRA"]
[Date "2002.07.08"]
[Round "3"]
[White "Debray,C"]
[Black "Bakus,M"]
[Result "1-0"]
[WhiteElo "2095"]
[BlackElo "2204"]

1.e4 c5 2.Nf3 e6 3.d4 cxd4 4.Nxd4 Nc6 5.Nc3 Qc7 6.Be3 Nf6 7.Bd3 a6 8.O-O b5
9.Kh1 Bb7 10.f4 b4 11.e5 bxc3 12.exf6 cxb2 13.Rb1 gxf6 14.Rxb2 Nxd4 15.Bxd4 Rg8
16.Rf2 Be7 17.Bxh7 Rh8 18.Qd3 Bd5 19.Be4 Bc4 20.Qc3 Rc8 21.Bxf6 Qc5 22.Bd4 Rxh2+
23.Kxh2  1-0

[Event "XX Open"]
[Site "Andorra la Vella AND"]
[Date "2002.07.09"]
[Round "4"]
[White "Moldovan,D"]
[Black "Conquest,S"]
[Result "1-0"]
[WhiteElo "2459"]
[BlackElo "2542"]

1.e4 c5 2.Nf3 Nc6 3.d4 cxd4 4.Nxd4 e6 5.Nc3 a6 6.Bf4 Qf6 7.Nde2 Bb4 8.Qd2 Nge7
9.Bg5 Qg6 10.a3 Ba5 11.Ng3 h6 12.Bf4 d5 13.b4 e5 14.bxa5 exf4 15.Qxf4 dxe4
16.Ncxe4 O-O 17.Bd3 Nd5 18.Qd2 Ne5 19.O-O Nxd3 20.Qxd3 Ne7 21.Rab1 Nc6 22.Rb6 f6
23.Re1 Rd8 24.Qc3 Kh8 25.Nc5 Nd4 26.h3 Qxc2 27.Qxc2 Nxc2 28.Re7 Nxa3 29.Nxb7 Rd1+
30.Kh2 Nc4 31.Rb4 Ne5 32.Re8+ Kh7 33.Nc5 Nc6 34.Rb6 Nxa5 35.Re7 Rd5 36.Nce4 Kg6
37.Nd6 Rxd6 38.Rxd6 Nc4 39.Rc6  1-0

[Event "Open"]
[Site "Oberwart AUT"]
[Date "2002.07.09"]
[Round "5"]
[White "Kupreichik,V"]
[Black "Horvath,P1"]
[Result "1-0"]
[WhiteElo "2466"]
[BlackElo "2514"]

1.e4 c5 2.Nf3 Nc6 3.Nc3 e6 4.d4 cxd4 5.Nxd4 Nf6 6.Nxc6 bxc6 7.e5 Nd5 8.Ne4 Qc7
9.f4 Qb6 10.c4 Bb4+ 11.Ke2 Ba6 12.Kf3 f5 13.exf6 Nxf6 14.Be3 Qa5 15.Nxf6+ gxf6
16.Kf2 Ke7 17.Bd3 Bc5 18.Re1 Rag8 19.a3 Bxe3+ 20.Rxe3 Qb6 21.Qe2 Qd4 22.f5 Rb8
23.Rb1 Rb3 24.fxe6 dxe6 25.Kf1 Bxc4 26.Rd1 Rxb2 27.Re4 Qb6 28.Qe1 Bd5 29.Rg4 Rf8
30.Bxh7 f5 31.Rg7+ Kd6 32.Qh4 Rf6 33.Qf4+ e5 34.Qh4 Re6 35.Bxf5 Qb5+ 36.Kg1 Qe2
37.Qd8+ Kc5 38.Qa5+ Rb5 39.Rc1+ Bc4 40.Qxa7+ Rb6 41.Qa5+ Rb5 42.Qa7+ Rb6
43.Rb1  1-0

[Event "3rd Stage Russian Cup"]
[Site "Tomsk RUS"]
[Date "2002.07.09"]
[Round "2"]
[White "Salinnikov,D"]
[Black "Bocharov,D"]
[Result "0-1"]
[WhiteElo "2327"]
[BlackElo "2475"]

1.e4 c5 2.Nf3 Nc6 3.Nc3 e6 4.d4 cxd4 5.Nxd4 a6 6.Be2 Qc7 7.Be3 Nf6 8.f4 d6
9.Qd2 Be7 10.O-O-O Nd7 11.g4 b5 12.Nf5 exf5 13.Nd5 Qd8 14.Qc3 Bb7 15.Qxg7 Bf6
16.Qh6 fxe4 17.g5 Be7 18.Qg7 Rf8 19.Qxh7 Qa5 20.Bg4 O-O-O 21.Qxe4 Qxa2 22.Nxe7+ Nxe7
23.Qxe7 Bxh1 24.Bxd7+ Rxd7 25.Qxf8+ Rd8 26.Qg7 Bf3 27.Rd3 Qa1+ 28.Kd2 b4
29.Bb6 Qd1+  0-1

[Event "3rd Stage Russian Cup"]
[Site "Tomsk RUS"]
[Date "2002.07.09"]
[Round "2"]
[White "Smirnov,P"]
[Black "Maletin,P"]
[Result "1-0"]
[WhiteElo "2539"]
[BlackElo "2344"]

1.e4 c5 2.Nf3 Nc6 3.d4 cxd4 4.Nxd4 e6 5.Nc3 a6 6.Be2 Qc7 7.O-O Nf6 8.Be3 Bb4
9.Na4 Be7 10.Nxc6 bxc6 11.Nb6 Rb8 12.Nxc8 Qxc8 13.Bd4 c5 14.Be5 Rb6 15.Qd3 O-O
16.b3 d5 17.exd5 Nxd5 18.Rad1 Bf6 19.Bxf6 Nxf6 20.Qc3 Qc7 21.Bf3 Rbb8 22.Rd3 Nd7
23.Re1 h6 24.Re4 Rfd8 25.Ra4 Ne5 26.Rxd8+ Rxd8 27.Be2 Qd6 28.h3 Ra8 29.Rxa6 Rxa6
30.Bxa6 Nc6 31.Bf1 e5 32.a4 Nb4 33.a5 e4 34.Qc4 Qe5 35.a6 Qe7 36.c3 Nc2 37.Qe2  1-0

[Event "XX Open"]
[Site "Andorra la Vella AND"]
[Date "2002.07.10"]
[Round "5"]
[White "De la Villa Garcia,J"]
[Black "Delchev,A"]
[Result "1/2-1/2"]
[WhiteElo "2441"]
[BlackElo "2557"]

1.e4 c5 2.Nf3 e6 3.d4 cxd4 4.Nxd4 Nc6 5.Nc3 Qc7 6.g3 a6 7.Bg2 Nf6 8.O-O Be7
9.Re1 O-O 10.Nxc6 dxc6 11.e5 Rd8 12.Qf3 Nd5 13.h4 h6 14.Qg4 Kh8 15.Qh5 Nxc3
16.Qxf7 Rf8 17.Qg6 Bc5 18.Be3 Qxe5 19.bxc3 Bxe3 20.Rxe3 Qf6 21.Be4 Qxg6 22.Bxg6 Rf6
23.h5 Bd7 24.f4 Kg8 25.Rd1 Be8 26.f5 Kf8 27.g4 exf5 28.gxf5 Bxg6 29.fxg6 Re8
30.Red3 Rf5 31.Rf1 Rxf1+ 32.Kxf1 Ke7 33.Re3+ Kd7 34.Rd3+ Kc7 35.Kf2 Re5 36.Rf3 Rxh5
37.Rf7+ Kb6 38.Rxg7 Rg5 39.Ke3 a5 40.Kd2 Kc5 41.Kc1 Kd6 42.Rxb7 Rxg6 43.Rh7 Ke6
44.Kb2 Kf5 45.Kb3 Rf6 46.Ka4 Kg6 47.Rc7 h5 48.Kxa5 h4 49.a4 h3 50.Re7 Rf4
51.Re1 Kf5 52.Rh1  1/2-1/2

[Event "XX Open"]
[Site "Andorra la Vella AND"]
[Date "2002.07.10"]
[Round "5"]
[White "Handke,F"]
[Black "Djingarova,E"]
[Result "1-0"]
[WhiteElo "2471"]
[BlackElo "2292"]

1.e4 c5 2.Nf3 e6 3.d4 cxd4 4.Nxd4 Nc6 5.Nc3 Qc7 6.Be3 Nf6 7.Bd3 Nxd4 8.Bxd4 Bc5
9.Nb5 Qb6 10.Bxc5 Qxc5 11.O-O a6 12.b4 Qb6 13.e5 axb5 14.exf6 gxf6 15.Qe2 Qd4
16.a3 Rg8 17.Bxb5 Rg5 18.c4 Re5 19.Qc2 Rh5 20.Rfd1 Qe5 21.h3 Kf8 22.a4 d5
23.Ra3 Qd6 24.Qb2 Qe7 25.Rad3 dxc4 26.Rd8+ Kg7 27.Re8 Qc7 28.Rdd8  1-0

[Event "23rd Open"]
[Site "Bled SLO"]
[Date "2002.07.10"]
[Round "9"]
[White "Jaracz,B"]
[Black "Sebenik,M"]
[Result "0-1"]
[WhiteElo "2265"]
[BlackElo "2380"]

1.e4 c5 2.Nf3 Nc6 3.Nc3 e6 4.d4 cxd4 5.Nxd4 Nf6 6.Be2 Bb4 7.O-O Bxc3 8.bxc3 Nxe4
9.Bd3 d5 10.Nxc6 bxc6 11.Bxe4 dxe4 12.Qg4 O-O 13.Rd1 e5 14.Qh5 Qa5 15.c4 f6
16.Qe2 Bf5 17.Qe3 Rfd8 18.Bd2 Qa6 19.Qc5 Bg4 20.f3 exf3 21.Qf2 fxg2 22.Re1 Qxc4
23.Be3 e4 24.Kxg2 Bf3+ 25.Kg1 f5 26.h3 Rab8 27.Rab1 Rxb1 28.Rxb1 Qxa2 29.Rb7 Qa1+
30.Kh2 h6 31.h4 Rd1 32.Kg3 Qf6 33.Qh2 Rf1  0-1

[Event "FSGM July"]
[Site "Budapest HUN"]
[Date "2002.07.10"]
[Round "5"]
[White "Sedlak,N"]
[Black "Horvath,Jo"]
[Result "0-1"]
[WhiteElo "2468"]
[BlackElo "2535"]

1.e4 c5 2.Nf3 e6 3.d4 cxd4 4.Nxd4 Nc6 5.Nc3 Qc7 6.f4 a6 7.Nxc6 bxc6 8.Bd3 d5
9.O-O Nf6 10.Qe2 Be7 11.b3 c5 12.exd5 exd5 13.Qe5 Qc6 14.Bb2 Bb7 15.Rae1 O-O
16.Qg5 Rae8 17.Qg3 Bd8 18.Re5 d4 19.Na4 Rxe5 20.fxe5 Nd7 21.Re1 Bh4 22.Bxh7+ Kh8
23.Qh3 Qxg2+ 24.Qxg2 Bxg2 25.Bf5 Bxe1 26.Bxd7 Be4 27.Nxc5 Bxc2 28.Bxd4 Rd8
29.e6 fxe6 30.Bxg7+ Kh7 31.Bf6 Rf8 32.Bd4 e5 33.Ne6 Rg8+ 34.Kf1 Bh4 35.Bf2 Bd3+
36.Ke1 Rg1+ 37.Kd2 Bxf2 38.Kxd3 Kg6 39.b4 Kf6 40.Ke2 Rg2 41.Kf3 Rxh2 42.Nc7 Ba7
43.a4 Rf2+ 44.Kg3 Rd2 45.Bc6 e4 46.Nxa6 Ke5 47.Bb5 Rc2 48.Nc5 Bxc5 49.bxc5 Rxc5
50.Kf2 Kd4 51.Ke2 Rc2+ 52.Kd1 Rg2 53.Kc1 Ke3 54.Kb1 Rh2 55.Kc1 Rh5 56.Kc2 Rc5+
57.Kb3 Kd2 58.Ba6 Ra5 59.Bc4 e3 60.Kb4 Rg5 61.Ba6 Rg4+ 62.Ka5 Kc3  0-1

[Event "Open Championships"]
[Site "Paris FRA"]
[Date "2002.07.10"]
[Round "5"]
[White "Marcantoni,H"]
[Black "Karr,JP"]
[Result "0-1"]
[WhiteElo "2257"]
[BlackElo "2404"]

1.e4 c5 2.Nf3 e6 3.d4 cxd4 4.Nxd4 Nc6 5.Nc3 a6 6.Nxc6 bxc6 7.Bd3 d5 8.O-O Nf6
9.Qe2 Be7 10.b3 Bb7 11.Bb2 O-O 12.e5 Nd7 13.Na4 a5 14.c4 Nb6 15.Nc3 a4 16.Rad1 g6
17.f4 axb3 18.axb3 Nd7 19.Kh1 Nc5 20.Bc2 Qb6 21.f5 exf5 22.cxd5 cxd5 23.Nxd5 Bxd5
24.Rxd5 Ne6 25.Rb5 Qc6 26.Qc4 Rfc8 27.Bd3 Qe8 28.Qd5 Nc7 29.Qc4 Nxb5 30.Qxb5 Qxb5
31.Bxb5 Ra2 32.Bd4 Rcc2 33.Rg1 Bc5  0-1

[Event "Open Championships"]
[Site "Paris FRA"]
[Date "2002.07.10"]
[Round "5"]
[White "Debray,C"]
[Black "Boulard,E"]
[Result "1-0"]
[WhiteElo "2095"]
[BlackElo "2275"]

1.e4 c5 2.Nf3 e6 3.d4 cxd4 4.Nxd4 Nc6 5.Nc3 Qc7 6.Be3 a6 7.Bd3 Nf6 8.O-O b5
9.Kh1 Bb7 10.f4 d6 11.Qf3 Be7 12.Rae1 O-O 13.Qg3 Nd7 14.f5 Nxd4 15.Bxd4 Bf6
16.Bxf6 Nxf6 17.e5 dxe5 18.fxe6 fxe6 19.Qxe5 Qxe5 20.Rxe5 Nd5 21.Rxf8+ Rxf8
22.Nxd5 Bxd5 23.Kg1 h6 24.a4 Rb8 25.axb5 axb5 26.Be4 Bxe4 27.Rxe4 Kf7 28.c3 Rd8
29.Rb4 Rd5 30.Kf2 Kf6 31.Ke3 Re5+ 32.Re4 Rd5 33.Rd4 Re5+ 34.Kd3 Rh5 35.h3 Rg5
36.Rg4 Rxg4 37.hxg4 Kg5 38.Ke4 Kxg4 39.b3 h5 40.c4 bxc4 41.bxc4  1-0

[Event "3rd Stage Russian Cup"]
[Site "Tomsk RUS"]
[Date "2002.07.10"]
[Round "3"]
[White "Frolov,D"]
[Black "Lependin,A"]
[Result "1/2-1/2"]
[WhiteElo "2459"]
[BlackElo "2356"]

1.e4 c5 2.Nf3 Nc6 3.Nc3 e6 4.d4 cxd4 5.Nxd4 Qc7 6.g3 a6 7.Bg2 b5 8.O-O Bb7
9.Re1 Nxd4 10.Qxd4 Ne7 11.Bf4 Qc4 12.Qd2 Rd8 13.Bd6 Ng6 14.Rad1 f6 15.f4 Bxd6
16.Qxd6 Kf7 17.e5 Bxg2 18.Kxg2 Qc6+ 19.Qxc6 dxc6 20.exf6 gxf6 21.Ne4 e5 22.Nd6+ Ke7
23.Nf5+ Kf7 24.Nd6+  1/2-1/2

[Event "Dutch Open"]
[Site "Dieren NED"]
[Date "2002.07.11"]
[Round "3"]
[White "Van der Poel,H"]
[Black "De Kleuver,E"]
[Result "1-0"]
[WhiteElo "2305"]
[BlackElo "2169"]

1.e4 c5 2.Nf3 e6 3.d4 cxd4 4.Nxd4 Nc6 5.Nc3 d6 6.Be3 Nf6 7.Bc4 Be7 8.Qe2 O-O
9.O-O-O a6 10.Bb3 Nd7 11.Kb1 Qe8 12.g4 Nc5 13.g5 Bd7 14.Rhg1 b5 15.Qh5 Nxb3
16.axb3 f5 17.g6 hxg6 18.Rxg6 Ne5 19.Rxg7+ Kxg7 20.Qh6+ Kg8 21.Rg1+ Ng4 22.Nd5 Rf7
23.Nxe6 Rh7 24.Nxe7+ Rxe7 25.exf5  1-0

[Event "Open"]
[Site "Oberwart AUT"]
[Date "2002.07.11"]
[Round "7"]
[White "Fercec,N"]
[Black "Kovacs,Ga2"]
[Result "1-0"]
[WhiteElo "2494"]
[BlackElo "2385"]

1.e4 c5 2.Nf3 e6 3.d4 cxd4 4.Nxd4 Nc6 5.Nc3 Qc7 6.Be3 a6 7.Qd2 b5 8.O-O-O Bb7
9.f3 Nf6 10.g4 h6 11.h4 b4 12.Na4 d5 13.Bh3 Ne5 14.g5 Nc4 15.Qe1 Nxe3 16.Qxe3 Bd6
17.Kb1 Bf4 18.Qg1 Nh5 19.g6 e5 20.gxf7+ Qxf7 21.Be6 Qf6 22.Qg4 Ng3 23.Nf5 Nxf5
24.exf5 h5 25.Qg2 d4 26.Nc5 Bc8 27.Ne4 Qe7 28.Qg6+ Kd8 29.Bxc8 Rxc8 30.Qxa6 Bh6
31.f6 Qc7 32.Rhg1 Qxc2+ 33.Ka1 Qc7 34.Qxc8+ Kxc8 35.fxg7 Kb7 36.g8=Q Rh7
37.Qd5+ Ka7 38.Nd6 Qd7 39.Rg8  1-0

[Event "ch-SCO"]
[Site "Stirling SCO"]
[Date "2002.07.11"]
[Round "6"]
[White "Robertson,I"]
[Black "Gourlay,I"]
[Result "0-1"]
[WhiteElo "2202"]
[BlackElo "2248"]

1.e4 c5 2.Nf3 e6 3.d4 cxd4 4.Nxd4 Nc6 5.Nc3 a6 6.Be3 d6 7.Bd3 Nf6 8.O-O Be7
9.f4 Nxd4 10.Bxd4 e5 11.Be3 Ng4 12.Qe2 Nxe3 13.Qxe3 exf4 14.Qxf4 Be6 15.Nd5 Bg5
16.Nc7+ Kd7 17.Nxe6 Qb6+ 18.Kh1 Bxf4 19.Nxf4 Rhf8 20.b3 Qc5 21.a4 Rae8 22.Rad1 Re5
23.b4 Qxb4 24.Rb1 Qxa4 25.Rxb7+ Kc6 26.Rfb1 Rb5 27.Bxb5+ axb5 28.Re7 Qxc2
29.Rg1 Rc8 30.h3 b4 31.Nd5 Kc5 32.Ne3 Qd2 33.Nd5 b3 34.Rb7 b2 35.Nf4 Qxf4
36.Rxb2 Kc6  0-1

[Event "XX Open"]
[Site "Andorra la Vella AND"]
[Date "2002.07.13"]
[Round "8"]
[White "Zapata,A"]
[Black "Handke,F"]
[Result "1-0"]
[WhiteElo "2549"]
[BlackElo "2471"]

1.e4 c5 2.Nf3 e6 3.d4 cxd4 4.Nxd4 Nc6 5.Nc3 Qc7 6.Be2 a6 7.O-O Nf6 8.a4 Bb4
9.Bg5 Ne5 10.Na2 Be7 11.f4 Nc6 12.Nxc6 bxc6 13.e5 Bc5+ 14.Kh1 Nd5 15.Rf3 h6
16.Bh4 g5 17.fxg5 hxg5 18.Bg3 Nf4 19.Rxf4 gxf4 20.Bxf4 Qb6 21.Qc1 Rb8 22.b3 Qa5
23.Qd1 Bf2 24.Qd6 Qb6 25.Bg5 Bc5 26.Qd2 Bd4 27.Qf4 Qc5 28.Rf1 f5 29.exf6 Kf7
30.Bh6 Qe5 31.Qxe5  1-0

[Event "3rd Stage Russian Cup"]
[Site "Tomsk RUS"]
[Date "2002.07.13"]
[Round "6"]
[White "Shomoev,A"]
[Black "Maletin,P"]
[Result "1/2-1/2"]
[WhiteElo "2533"]
[BlackElo "2344"]

1.e4 c5 2.Nf3 Nc6 3.d4 cxd4 4.Nxd4 e6 5.Nc3 Qc7 6.Be2 Nf6 7.O-O a6 8.Be3 Be7
9.f4 d6 10.a4 O-O 11.Kh1 Re8 12.Bf3 Rb8 13.g4 Nxd4 14.Bxd4 e5 15.fxe5 dxe5
16.Ba7 Ra8 17.Be3 Be6 18.g5 Red8 19.Qe2 Ne8 20.Bg4 Qc6 21.Bxe6 Qxe6 22.Nd5  1/2-1/2

[Event "FSIMB July"]
[Site "Budapest HUN"]
[Date "2002.07.14"]
[Round "9"]
[White "Le Dinh Tuan"]
[Black "Pedersen,C"]
[Result "1-0"]
[WhiteElo "2361"]
[BlackElo "2258"]

1.e4 c5 2.Ne2 Nc6 3.Nbc3 e6 4.d4 cxd4 5.Nxd4 Nf6 6.g3 d5 7.exd5 Nxd5 8.Bg2 Nxc3
9.bxc3 Bd7 10.O-O Be7 11.Rb1 Na5 12.Bf4 a6 13.Bxb7 Nxb7 14.Rxb7 O-O 15.Nf5 exf5
16.Rxd7 Qe8 17.Re1 Rd8 18.Rxd8 Qxd8 19.Qxd8 Bxd8 20.Bd6 Bf6 21.Bxf8 Kxf8
22.c4 Be7 23.Re5  1-0

[Event "24th Politiken Cup"]
[Site "Copenhagen DEN"]
[Date "2002.07.15"]
[Round "1"]
[White "Hector,J"]
[Black "Henrichsen,J"]
[Result "1-0"]
[WhiteElo "2562"]
[BlackElo "2067"]

1.e4 c5 2.Nc3 Nc6 3.Nf3 e6 4.d4 cxd4 5.Nxd4 d6 6.f4 Nf6 7.Nf3 Qc7 8.Bd3 a6
9.O-O Be7 10.Kh1 O-O 11.Qe1 b5 12.e5 Ne8 13.a4 b4 14.Ne4 g6 15.b3 d5 16.Neg5 h6
17.Nh3 Ng7 18.f5 Nxf5 19.Bxf5 exf5 20.Bxh6 Re8 21.Nf4 Be6 22.Qg3 Kh7 23.Ng5+ Bxg5
24.Bxg5 Qxe5 25.Qh4+ Kg7 26.Qh6+ Kg8 27.Nh5  1-0

[Event "Dutch Open"]
[Site "Dieren NED"]
[Date "2002.07.15"]
[Round "6"]
[White "Bosch,Je"]
[Black "Van der Werf,M"]
[Result "1-0"]
[WhiteElo "2442"]
[BlackElo "2422"]

1.e4 c5 2.Nf3 e6 3.d4 cxd4 4.Nxd4 Nc6 5.Nc3 Qc7 6.Be3 a6 7.Qd2 Nf6 8.O-O-O Bb4
9.f3 d5 10.a3 Be7 11.exd5 Nxd5 12.Nxd5 exd5 13.Bf4 Qb6 14.Be3 Qc7 15.h4 O-O
16.h5 Re8 17.Nxc6 bxc6 18.h6 g6 19.Qc3 Bf8 20.Bc5 Qf4+ 21.Kb1 Qe5 22.Bd4 Qd6
23.Bg7 Be7 24.Be5 Qc5 25.Qd2 Bf8 26.Qf4 Qe7 27.Bc3 Be6 28.Qd4 f6 29.Qxf6 Qxf6
30.Bxf6 Bf7 31.Bd3 Rab8 32.Kc1 c5 33.c4 d4 34.Bg5 Re6 35.Kc2 Reb6 36.Rb1 Be6
37.g4 Kf7 38.Rhe1 Bd6 39.b3 Bg3 40.Re2 Bd6 41.Ree1 Bg3 42.Rg1 Bh2 43.Rh1 Bd6
44.Be4 Re8 45.Rhe1 Bg3 46.Rg1 Bh2 47.Rg2 Bd6 48.Bd2 Kf8 49.a4 Bd7 50.a5 Rbb8
51.Re1 Re7 52.Rge2 Bg3 53.Rb1 Bd6 54.Bg5 Re6 55.Bd3 Rxe2+ 56.Bxe2 Bc6 57.Bd3 Bd7
58.Be4 Re8 59.Kd3 Rb8 60.Bd2 Be6 61.Kc2 Ke7 62.Re1 Kd7 63.Bg5 Re8 64.Bb7 d3+
65.Kd2 Bc7 66.Ra1 Be5 67.Rb1 Kd6 68.Kxd3 Rb8 69.Be4 Kc7 70.Kc2 Re8 71.Rd1 Bd4
72.Bf4+ Kc8 73.Bd2 Re7 74.Re1 Kc7 75.Bd5 Kd7 76.Bb7 Rf7 77.Rxe6 Kxe6 78.Bd5+ Ke7
79.Bxf7 Kxf7 80.Kd3 Bf6 81.Ke4 Ke6 82.f4 Bd8 83.f5+ gxf5+ 84.gxf5+ Kd6 85.Bf4+ Kc6
86.Bd2 Bf6 87.b4 cxb4 88.Bxb4 Bg5 89.Bf8 Bd2 90.f6 Kd7 91.Kd5 Bxa5 92.f7  1-0

[Event "EuJun"]
[Site "Baku AZE"]
[Date "2002.07.16"]
[Round "3"]
[White "Jakubowski,K"]
[Black "Aroshidze,L"]
[Result "1-0"]
[WhiteElo "2475"]
[BlackElo "2345"]

1.e4 c5 2.Nf3 e6 3.d4 cxd4 4.Nxd4 Nc6 5.Nc3 Qc7 6.Be2 a6 7.O-O Nf6 8.Kh1 Be7
9.f4 d6 10.Nxc6 bxc6 11.Qd3 O-O 12.b3 a5 13.Qg3 d5 14.e5 Nd7 15.Bb2 Nc5 16.a4 Na6
17.Rae1 Nb4 18.Bd1 g6 19.Bc1 Bd7 20.Ne2 Rad8 21.f5 exf5 22.Bh6 c5 23.Nf4 Be6
24.Nh5 Nc6 25.Bf4 Rb8 26.Nf6+ Bxf6 27.exf6 Qd8 28.Qh4 Re8 29.Re3 Rb4 30.Rh3 h5
31.c4 Bd7 32.Bxh5 Re6 33.Bg5  1-0

[Event "FSIMB July"]
[Site "Budapest HUN"]
[Date "2002.07.16"]
[Round "11"]
[White "Le Dinh Tuan"]
[Black "Berczes,C"]
[Result "1/2-1/2"]
[WhiteElo "2361"]
[BlackElo "2316"]

1.e4 c5 2.Ne2 Nc6 3.Nbc3 e6 4.d4 cxd4 5.Nxd4 Qc7 6.Be3 a6 7.Be2 Nf6 8.O-O Be7
9.f4 d6 10.a4 O-O 11.Bf3 Bd7 12.Nb3 Na5 13.e5 dxe5 14.fxe5 Nxb3 15.exf6 Bc5
16.cxb3 Bxe3+ 17.Kh1 Bh6 18.Be4 g6 19.Qf3 Rfb8 20.Qh3 Bf8 21.Rae1 Rd8 22.Qf3 Bc6
23.Rd1 Bxe4 24.Qxe4 Rxd1 25.Rxd1 Rd8 26.g3 Rxd1+ 27.Nxd1 Qd8 28.Qf3 Qd2 29.Nf2 Qxb2
30.Ne4 Qe5 31.Kg2 Qb2+ 32.Kh3 Qd4 33.Qe2 Qd5 34.Qc2 Qf5+ 35.Kg2 Qd5 36.Kh3 Qh5+
37.Kg2 Qd5  1/2-1/2

[Event "TCh-POL Jun"]
[Site "Laczna POL"]
[Date "2002.07.16"]
[Round "2"]
[White "Skrzypnik,M"]
[Black "Gajewski,G"]
[Result "1/2-1/2"]
[WhiteElo "2283"]
[BlackElo "2388"]

1.e4 c5 2.Nf3 e6 3.d4 cxd4 4.Nxd4 Nc6 5.Nc3 Qc7 6.g3 a6 7.Bg2 Nf6 8.O-O Nxd4
9.Qxd4 Bc5 10.Bf4 d6 11.Qd3 Nd7 12.Na4 e5 13.Bd2 b5 14.Nc3 Nb6 15.Rad1 O-O
16.Kh1 b4 17.Nd5 Nxd5 18.exd5 a5 19.c4 bxc3 20.Qxc3 Ba6 21.Rg1 Qb6 22.Be3 Rfc8
23.Qd2 Rab8 24.b3 Qb4 25.Bf1 Bxf1 26.Rgxf1 Bxe3 27.Qxe3 Rc2 28.Ra1 Rbc8 29.Rfc1 Qb5
30.Rxc2 Qxd5+ 31.Kg1 Rxc2 32.Rc1 Rxc1+ 33.Qxc1 g6 34.Qb2 Qe4 35.a3 d5 36.b4 axb4
37.axb4 d4 38.b5 d3 39.b6 Qe2 40.Qb5 Qe1+ 41.Kg2 Qe4+ 42.Kh3 Qf5+ 43.Kg2 Qe4+
44.Kh3 d2  1/2-1/2

[Event "24th Politiken Cup"]
[Site "Copenhagen DEN"]
[Date "2002.07.17"]
[Round "3"]
[White "Volokitin,And"]
[Black "Tozer,R"]
[Result "1-0"]
[WhiteElo "2545"]
[BlackElo "2312"]

1.e4 c5 2.Nf3 Nc6 3.Nc3 e6 4.d4 cxd4 5.Nxd4 Qc7 6.Be2 a6 7.O-O Nf6 8.Kh1 Bb4
9.Qd3 Ne5 10.Qg3 Rg8 11.f4 Nc6 12.Nxc6 Bxc3 13.e5 dxc6 14.bxc3 Nd5 15.Bd3 g6
16.Be4 Bd7 17.c4 Ne7 18.Rb1 O-O-O 19.Ba3 Nf5 20.Qf2 Be8 21.Bc5 Kb8 22.Ba7+ Ka8
23.Bb6 Qc8 24.Bxd8 Qxd8 25.Rfd1 Qc7 26.Qb6 Qxb6 27.Rxb6 Kb8 28.Rdb1  1-0